000 00362 a2200157 4500
001 57157
020 _a852625653X
040 _cAnchieta - Pituba
100 _aBraz, Júlio Emílio
240 1 0 _aUm garoto consumista na roça
_lpor
245 1 0 _aUm garoto consumista na roça
300 _a96
362 0 _a2004
650 4 _aLiteratura juvenil
942 _cBK
999 _c57157
_d57157